Novela de los orígenes y orígenes de la novela / (Record no. 131028)

MARC details
000 -LEADER
campo de control de longitud fija 00537nam a2200169 4500
001 - NÚMERO DE CONTROL
campo de control 131028
003 - IDENTIFICADOR DE NÚMERO DE CONTROL
campo de control ES-MaACL
005 - FECHA Y HORA DE LA ÚLTIMA TRANSACCIÓN
campo de control 20230906193912.0
007 - CAMPO FIJO DE DESCRIPCIÓN FÍSICA--INFORMACIÓN GENERAL
campo de control de longitud fija t|
008 - DATOS DE LONGITUD FIJA--INFORMACIÓN GENERAL
campo de control de longitud fija 070214s1973 sp r ||||1| spa d
100 1# - ENTRADA PRINCIPAL--NOMBRE DE PERSONA
Nombre de persona Robert, Marthe.
9 (RLIN) 97810
245 10 - MENCIÓN DEL TÍTULO
Título Novela de los orígenes y orígenes de la novela /
Mención de responsabilidad, etc. Marthe Robert ; [versión española de Rafael Durbán Sánchez].
260 ## - PUBLICACIÓN, DISTRIBUCIÓN, ETC.
Lugar de publicación, distribución, etc. Madrid :
Nombre del editor, distribuidor, etc. Taurus,
Fecha de publicación, distribución, etc. 1973.
300 ## - DESCRIPCIÓN FÍSICA
Extensión 286 p. ;
Dimensiones 22 cm.
700 1# - ENTRADA AGREGADA--NOMBRE PERSONAL
Nombre de persona Durbán Sánchez, Rafael.
9 (RLIN) 46283
852 ## - LOCALIZACIÓN
Ubicación ES-MaACL
Número de control de estantería C-56601
Sublocalización o colección R.89176
Holdings
Estatus retirado Estado de pérdida Estado de daño No para préstamo Biblioteca de origen Biblioteca actual Ubicación en estantería Fecha de adquisición Fuente de adquisición Total de préstamos Signatura topográfica completa Código de barras Visto por última vez Precio de reemplazo Tipo de ítem Koha
        Biblioteca del Ateneo de Madrid Biblioteca del Ateneo de Madrid Depósito 2 17/01/2008     C-56601 1136416 23/02/2023 23/02/2023 Libro impreso